000 00419nam a2200205Ia 4500
001 000899
003 YMCAF
005 20230512160039.0
008 100717s1971 ||||||||||||||||| ||und|d
024 _a899
035 _a881
040 _aYMCAF
_beng
_cIN-KoLT
041 _aeng
082 _aAUT-DAN
100 _aDANFUSS
245 0 _aAUTOMATOZATION OF COMMER
260 _c1971
300 _a67
942 _2ddc
_cBK
999 _c707
_d707